| 000 | 00000nas 2200000za 4500 |
| 001 | 9.863797 |
| 003 | CaOODSP |
| 005 | 20221107161352 |
| 007 | cr ||||||||||| |
| 008 | 181029d19471995oncmr p oss f0###b0fre|d |
| 022 | |y0318-7942 |
| 040 | |aCaOODSP|bfre |
| 041 | |aeng|afre |
| 043 | |an-cn-bc |
| 086 | 1 |aCS35-003-PDF |
| 245 | 00|aProduction, shipments, and stocks on hand of sawmills in British Columbia |h[ressource électronique]. |
| 246 | 10|aBritish Columbia sawmills and planing mills |
| 246 | 10|aScieries et ateliers de rabotage de la Colombie-Britannique |
| 246 | 10|aProduction, livraisons et stocks en mains des scieries en Colombie-Britannique |
| 246 | 11|aProduction, expéditions et stocks en mains des scieries en Colombie-Britannique |
| 246 | 11|aProduction, livraisons et stocks en main des scieries en Colombie-Britannique |
| 260 | |a[Ottawa] :|bDominion Bureau of Statistics, |c[1947]-1995. |
| 310 | |aMensuel|b(Juil. 1947-déc. 1995) |
| 321 | |aTrimestriel|b(Janv./fév./ et mars 1947-avr./mai/ et juin 1947); |
| 362 | 0 |aJanv./fév./ et mars 1947-v. 49, no. 12 (déc. 1995). |
| 500 | |aÉdition numérisée de l’imprimé [par Statistique Canada]. |
| 500 | |aLes livr. de janv. 1969-déc. 1978, févr. 1979, avril 1979-déc 1979 comportent le titre: Production, expéditions et stocks en mains des scieries en Colombie-Britannique; janv. 1980-nov. 1995, Production, livraisons et stocks en main des scieries en Colombie-Britannique. |
| 500 | |aLes livr. de janv. 1979 et mars 1979 comportent le titre: British Columbia sawmills and planing mills = Scieries et ateliers de rabotage de la Colombie-Britannique. |
| 500 | |aTitre de départ. |
| 515 | |aLa numération commence avec v. 4, no 1 (janv. 1950). |
| 546 | |aTexte en anglais seulement, janv./févr./et mars 1947-déc. 1968; texte en anglais et en français, janv. 1969-nov. 1995. |
| 550 | |aLes livr. d'août 1948-mai 1949, juil. 1949-oct. 1958, mai 1960-juil. 1960 publiées par la Section des forêts; juin 1949, nov. 1958-avril 1960, août 1960-avril 1963 par la Division de l'industrie et du commerce; mai 1963-déc. 1966 par la Division de l'industrie; jan. 1967-déc. 1971 par la Division des industries manufacturières et primaires; janv. 1972-déc. 1984 par Statistique Canada, Division des industries manufacturières et primaires; janv. 1985-nov. 1995 par la Division de l'industrie. |
| 580 | |aFusionné avec : Production, shipments and stocks on hand of sawmills east of the Rockies (excluding Newfoundland and Prince Edward Island), et devient : Sawmills and planing mills. |
| 692 | 07|2gccst|aIndustrie du bois d'oeuvre |
| 710 | 1 |aCanada. |bBureau fédéral de la statistique. |bDivision de l'industrie. |
| 710 | 1 |aCanada. |bBureau fédéral de la statistique. |bDivision de l'industrie et du commerce. |
| 710 | 1 |aCanada. |bBureau fédéral de la statistique. |bDivision des industries manufacturières et primaires. |
| 710 | 1 |aCanada. |bBureau fédéral de la statistique. |bSection des forêts. |
| 710 | 1 |aCanada. |bBureau fédéral de la statistique. |bStatistiques des produits forestiers. |
| 710 | 1 |aCanada. |bStatistique Canada. |bDivision de l'industrie. |
| 710 | 1 |aCanada. |bStatistique Canada. |bDivision des industries manufacturières et primaires. |
| 785 | 00|tSawmills and planing mills |w(CaOODSP)9.863838 |
| 791 | |tProduction, shipments, and stocks on hand of sawmills in British Columbia |eeng|w(CaOODSP)9.863789 |